| 000 | 00795pam a2200265 a 4500 | ||
|---|---|---|---|
| 001 | 015959156 | ||
| 003 | Uk | ||
| 005 | 20170426145114.0 | ||
| 008 | 111031s2012 enka b 001 0 eng d | ||
| 020 | _a0071086684 (pbk.) | ||
| 020 | _a9780071086684 (pbk.) | ||
| 082 | 0 | 4 |
_a330.91732 _223 _bOSU |
| 100 | 1 |
_917757 _aO'Sullivan, Arthur |
|
| 245 | 1 | 0 |
_aUrban Economics / _cArthur O'Sullivan. |
| 250 | _a8th ed. | ||
| 260 |
_aMaidenhead : _bMcGraw-Hill, _cc2012. |
||
| 300 |
_axxx, 496 p. : _bill. ; _c24 cm. |
||
| 500 | _a"International edition"-Cover. | ||
| 500 |
_aFormerly CIP. _5Uk |
||
| 504 | _aIncludes bibliographical references and index. | ||
| 650 | 0 |
_aUrban economics. _917758 |
|
| 653 |
_bPol _cFebruary2013 |
||
| 690 | 7 |
_aManagement and Business Studies _2blcoll |
|
| 942 |
_2ddc _cBB |
||
| 999 |
_c17216 _d17188 |
||